| 000 | 00700nam a2200229 4500 | ||
|---|---|---|---|
| 001 | 114257 | ||
| 003 | DR-UNIBE | ||
| 005 | 20260113112509.0 | ||
| 008 | 251202b2007 dr ||||| |||| 00| 0 spa d | ||
| 020 | _a9789945442403 | ||
| 040 |
_aBIBLIOTECA UNIBE _bspa _cBIBLIOTECA UNIBE |
||
| 041 |
_aspa _hspa |
||
| 082 | _aF-RD 6024 | ||
| 100 | 1 |
_aMéndez Vargas, Abraham, _d1961- _eautor _9197687 |
|
| 245 | 1 | 0 |
_aCantos desde las sierras : _bpoesías informalistas / _cAbraham Méndez Vargas |
| 250 | _aPrimera edición | ||
| 260 |
_aSanto Domingo : _bEditoria Taller, _c2007 |
||
| 300 | _a33 páginas | ||
| 650 | 7 |
_2lemb _aPoesía dominicana |
|
| 650 | 7 |
_2lemb _aLiteratura dominicana |
|
| 942 |
_2ddc _cMX |
||
| 999 |
_c114257 _d114257 |
||